Pokémon de la Première Génération - Mort subite - Statistiques

Statistiques générales
  • Ce quiz a été pris 809 fois
    177 depuis la dernière actualisation
  • Le résultat moyen est 31 sur 50
Answers on the Grid
Answers color-coded by a green-red scale on the quiz's grid according to % correct below.
 
Statistiques - réponses
Réponse % Correct
70%
67%
67%
67%
67%
66%
65%
65%
65%
65%
65%
65%
64%
64%
64%
63%
63%
63%
63%
62%
62%
62%
62%
62%
62%
62%
60%
60%
60%
60%
60%
60%
60%
59%
59%
59%
59%
59%
58%
58%
58%
56%
56%
55%
55%
55%
55%
55%
52%
52%
Aucun quiz correspondant
Distribution des résultats
% des personnes avec chaque résultat
Percentile par nombre de réponses
Votre historique - résultats
Vous n’avez pas pris ce quiz depuis la dernière actualisation